[Event "XXIIè OPEN DEL CATALUNYA ESCAC"]
[Site "Casinet de Hostafrancs"]
[Date "2008.03.21"]
[Round "6.1"]
[White "Martin Grillo, Ruben"]
[Black "Garcia Jimenez, Francisco J"]
[Result "0-1"]
[WhiteElo "2221"]
[BlackElo "2271"]
[PlyCount "48"]
[EventDate "2008.03.16"]

1. e4 d5 2. exd5 Qxd5 3. Nc3 Qa5 4. d4 Nf6 5. Nf3 Bf5 6. Bc4 e6 7. Bd2 c6 8.
Nd5 Qd8 9. Nxf6+ Qxf6 10. Qe2 Bg4 11. d5 Bxf3 12. gxf3 cxd5 13. Bxd5 Qxb2 14.
O-O Nc6 15. Rab1 Qxc2 16. Rxb7 Bd6 17. Be4 Nd4 18. Qe3 Qc4 19. Bd3 Qd5 20. Be4
Qh5 21. h3 Qxh3 22. f4 Qg4+ 23. Kh1 Bxf4 24. Bc6+ Nxc6 0-1

[Event "XXIIè OPEN DEL CATALUNYA ESCAC"]
[Site "Casinet de Hostafrancs"]
[Date "2008.03.21"]
[Round "6.2"]
[White "Roca Diaz, Miguel Angel"]
[Black "Ruiz Mata, Oscar"]
[Result "0-1"]
[WhiteElo "2109"]
[BlackElo "2260"]
[PlyCount "48"]
[EventDate "2008.03.16"]

1. Nf3 d5 2. c4 e6 3. g3 Nf6 4. Bg2 Be7 5. O-O O-O 6. b3 c5 7. Qc2 Nc6 8. a3 b6
9. Bb2 Bb7 10. Ne5 Rc8 11. d3 Qc7 12. Nxc6 Bxc6 13. Nd2 Rfd8 14. Nf3 d4 15. e3
e5 16. exd4 exd4 17. Rae1 Re8 18. Re2 Bd6 19. Rfe1 Qd7 20. Ne5 Bxe5 21. Rxe5
Rxe5 22. Rxe5 Bxg2 23. Kxg2 Qc6+ 24. f3 Ng4 0-1

[Event "XXIIè OPEN DEL CATALUNYA ESCAC"]
[Site "Casinet de Hostafrancs"]
[Date "2008.03.21"]
[Round "6.3"]
[White "Burgos Figueroa, Carlos E"]
[Black "Fabregas Fontanet, Antonio"]
[Result "1-0"]
[WhiteElo "2239"]
[BlackElo "2080"]
[PlyCount "61"]
[EventDate "2008.03.16"]

1. e4 g6 2. d4 Bg7 3. Nc3 d6 4. Be2 Nc6 5. Be3 e5 6. Nf3 Nf6 7. dxe5 dxe5 8.
Qxd8+ Nxd8 9. Nxe5 Nxe4 10. Nxe4 Bxe5 11. O-O-O O-O 12. Bf3 Ne6 13. Rhe1 Rb8
14. Nc5 Bd6 15. Ne4 Be7 16. Nc3 Bc5 17. Bh6 Bxf2 18. Re2 Bc5 19. Bxf8 Bxf8 20.
Nd5 c6 21. Nf6+ Kg7 22. Nd7 Bxd7 23. Rxd7 Nc5 24. Rd1 h5 25. c3 a5 26. Kc2 Ne6
27. g3 Be7 28. Rd7 Kf6 29. Bxc6 bxc6 30. Rf2+ Ke5 31. Rxe7 1-0

[Event "XXIIè OPEN DEL CATALUNYA ESCAC"]
[Site "Casinet de Hostafrancs"]
[Date "2008.03.21"]
[Round "6.4"]
[White "Martorell Aubanell, Adria"]
[Black "Capellades Subirana, Marc"]
[Result "1/2-1/2"]
[WhiteElo "2028"]
[BlackElo "2204"]
[PlyCount "62"]
[EventDate "2008.03.16"]

1. Nf3 Nf6 2. c4 b6 3. Nc3 Bb7 4. d4 e6 5. Bg5 Bb4 6. e3 h6 7. Bh4 Bxc3+ 8.
bxc3 d6 9. Bd3 g5 10. Bg3 Ne4 11. Bxe4 Bxe4 12. d5 e5 13. c5 Nd7 14. c6 Nc5 15.
O-O h5 16. h4 f6 17. Ne1 Qe7 18. f3 Bg6 19. Qd2 f5 20. Nd3 gxh4 21. Be1 Na4 22.
Nf2 Rg8 23. Nh3 Nc5 24. Bf2 Bh7 25. Kh2 Kf7 26. Rad1 Rg7 27. Qe1 Rag8 28. Rg1
Rg3 29. Qe2 R8g7 30. Qe1 R7g6 31. Qe2 Rg7 1/2-1/2

[Event "XXIIè OPEN DEL CATALUNYA ESCAC"]
[Site "Casinet de Hostafrancs"]
[Date "2008.03.21"]
[Round "6.5"]
[White "Fernandez Gonzalez, Julio Honor"]
[Black "Martin Sanchez, Enric"]
[Result "1-0"]
[WhiteElo "2082"]
[BlackElo "2030"]
[PlyCount "111"]
[EventDate "2008.03.16"]

1. d4 Nf6 2. Nf3 d5 3. e3 c5 4. Bd3 Nc6 5. c3 Bg4 6. h3 Bxf3 7. Qxf3 e5 8. dxe5
Nxe5 9. Bb5+ Nc6 10. c4 a6 11. cxd5 Nxd5 12. Bxc6+ bxc6 13. O-O Be7 14. Rd1 Qc7
15. e4 Nf6 16. Bf4 Qb7 17. b3 O-O 18. Nd2 Rfd8 19. Nc4 Rd4 20. Be5 Rxd1+ 21.
Rxd1 Rd8 22. Rxd8+ Bxd8 23. Bxf6 Bxf6 24. e5 Bd8 25. Qd3 Be7 26. f4 g6 27. g4
Qb4 28. Qd2 Bh4 29. Kg2 Kg7 30. Kf3 Be1 31. Qxb4 cxb4 32. Na5 c5 33. Nb7 c4 34.
bxc4 Kf8 35. Na5 Ke8 36. Ke4 Kd7 37. Kd5 Ke7 38. c5 Kd7 39. f5 gxf5 40. gxf5
Kc7 41. e6 fxe6+ 42. fxe6 Bh4 43. Nc6 Be1 44. Ne5 Bh4 45. Nc4 Bg5 46. Nb6 a5
47. Na4 Bf6 48. c6 Be7 49. Nc5 Kb6 50. Nd7+ Kc7 51. Nc5 Kb6 52. Nb3 a4 53. Nd4
a3 54. Kc4 b3 55. Kxb3 Bc5 56. Kc4 1-0

[Event "XXIIè OPEN DEL CATALUNYA ESCAC"]
[Site "Casinet de Hostafrancs"]
[Date "2008.03.21"]
[Round "6.6"]
[White "Mas Recorda, Pere"]
[Black "Lacasta Palacios, Joaquim"]
[Result "1/2-1/2"]
[WhiteElo "1995"]
[BlackElo "2146"]
[PlyCount "47"]
[EventDate "2008.03.16"]

1. c4 f5 2. d4 Nf6 3. Nc3 e6 4. g3 Bb4 5. Bg2 O-O 6. Nf3 Ne4 7. Qc2 c5 8. e3
Qa5 9. Bd2 Nxd2 10. Qxd2 d6 11. O-O Nd7 12. Rfc1 Nf6 13. Qd3 Bxc3 14. Qxc3 Qxc3
15. Rxc3 Ne4 16. Rd3 b6 17. dxc5 bxc5 18. Nd2 Rb8 19. b3 Nxd2 20. Rxd2 Rb6 21.
Rad1 Rd8 22. f4 Kf7 23. e4 g6 24. e5 1/2-1/2

[Event "XXIIè OPEN DEL CATALUNYA ESCAC"]
[Site "Casinet de Hostafrancs"]
[Date "2008.03.21"]
[Round "6.8"]
[White "Ridameya Tatche, Jose"]
[Black "Saiz Rodrigo, Josep Fernando"]
[Result "1-0"]
[WhiteElo "2125"]
[BlackElo "1977"]
[PlyCount "115"]
[EventDate "2008.03.16"]

1. e4 c5 2. Nf3 d6 3. d4 cxd4 4. Nxd4 Nf6 5. f3 a6 6. c4 e6 7. Nc3 Be7 8. Be3
b6 9. Qd2 Bb7 10. Be2 Nbd7 11. O-O O-O 12. Rfd1 Rc8 13. Rac1 Qc7 14. Qe1 Qb8
15. Qf2 Ne5 16. Na4 Ba8 17. Kh1 Rfe8 18. b3 d5 19. cxd5 Rxc1 20. Rxc1 exd5 21.
Nf5 Bf8 22. Bg5 Ned7 23. Bxf6 Nxf6 24. Qxb6 Qf4 25. Qc7 Qd2 26. Qc2 Qxc2 27.
Rxc2 dxe4 28. f4 e3 29. Ng3 Nd5 30. Bxa6 Nb4 31. Rc8 Rxc8 32. Bxc8 Nxa2 33. Ba6
Nb4 34. Bc4 Nc2 35. Kg1 Bd6 36. Ne2 Bc6 37. Nac3 Ne1 38. Bd5 Bd7 39. Be4 f5 40.
Bd5+ Kf8 41. Kf1 Nd3 42. g3 Nb4 43. Bc4 Ke7 44. Nd5+ Nxd5 45. Bxd5 Bb5 46. Ke1
Bb4+ 47. Kd1 Kd6 48. Bg8 h6 49. Nd4 Bd3 50. Bc4 Bxc4 51. bxc4 g6 52. Ke2 Bd2
53. Kd3 Kc5 54. Nf3 Kb4 55. Nh4 g5 56. Nxf5 gxf4 57. gxf4 h5 58. Nxe3 1-0

[Event "XXIIè OPEN DEL CATALUNYA ESCAC"]
[Site "Casinet de Hostafrancs"]
[Date "2008.03.21"]
[Round "6.9"]
[White "Matamoros Sibira, Joan"]
[Black "Slimani, Abderezzak"]
[Result "0-1"]
[WhiteElo "1733"]
[BlackElo "2049"]
[PlyCount "38"]
[EventDate "2008.03.16"]

1. e4 c5 2. Nf3 e6 3. d4 cxd4 4. Nxd4 a6 5. c4 Qc7 6. Nc3 Nf6 7. a3 Be7 8. Bd3
b6 9. O-O Bb7 10. Be3 d6 11. f4 Nbd7 12. Rc1 Nc5 13. Qc2 Rc8 14. b4 Nxd3 15.
Qxd3 Qxc4 16. Qxc4 Rxc4 17. e5 dxe5 18. fxe5 Ng4 19. Nde2 Nxe3 0-1

[Event "XXIIè OPEN DEL CATALUNYA ESCAC"]
[Site "Casinet de Hostafrancs"]
[Date "2008.03.21"]
[Round "6.10"]
[White "Severri Arrese, Carlos"]
[Black "Garreta Martinez, Albert"]
[Result "1-0"]
[WhiteElo "2063"]
[BlackElo "1960"]
[PlyCount "99"]
[EventDate "2008.03.16"]

1. d4 d5 2. Bg5 Nf6 3. Nc3 h6 4. Bf4 e6 5. e3 Be7 6. h3 a6 7. Nf3 c5 8. Be2 Nc6
9. O-O O-O 10. a3 b6 11. Re1 Bb7 12. Bf1 Nh5 13. Bh2 Nf6 14. Rb1 Re8 15. Bd3
Bf8 16. Ne5 Qe7 17. Be2 Rec8 18. Bg3 Qd8 19. Ra1 Be7 20. Bf3 Qe8 21. Ne2 b5 22.
c3 c4 23. Qc2 Nd8 24. Bh2 a5 25. Ng3 b4 26. e4 dxe4 27. Nxe4 Nxe4 28. Bxe4 Bxe4
29. Qxe4 bxc3 30. bxc3 Bf6 31. Ng4 Qc6 32. Nxf6+ gxf6 33. Qh4 e5 34. dxe5 f5
35. Bf4 Ne6 36. Bxh6 Rd8 37. Bg5 Nxg5 38. Qxg5+ Qg6 39. Qf4 Rd3 40. Re3 Rad8
41. Rae1 Qe6 42. Kh2 Kf8 43. Rb1 Kg7 44. Rb5 Qh6 45. Rg3+ Rxg3 46. Qxg3+ Kh7
47. Rb7 Rd3 48. Rxf7+ Kh8 49. f3 Rd8 50. e6 1-0

[Event "XXIIè OPEN DEL CATALUNYA ESCAC"]
[Site "Casinet de Hostafrancs"]
[Date "2008.03.21"]
[Round "6.11"]
[White "Campo Echevarria, Juan Francisco"]
[Black "Vargas Drechsler, Carlos"]
[Result "1-0"]
[WhiteElo "2023"]
[BlackElo "1940"]
[PlyCount "77"]
[EventDate "2008.03.16"]

1. e4 e5 2. Nf3 Nc6 3. Bb5 f5 4. Nc3 fxe4 5. Nxe4 d5 6. Nxe5 dxe4 7. Nxc6 Qg5
8. Qe2 Nf6 9. f4 Qxf4 10. Ne5+ c6 11. d4 Qh4+ 12. g3 Qh3 13. Bc4 Be6 14. Bf4
O-O-O 15. O-O-O Bd6 16. Kb1 Bxe5 17. Bxe6+ Qxe6 18. dxe5 Qg4 19. Rde1 Qxe2 20.
Rxe2 Nd5 21. Bg5 Rde8 22. Rxe4 a6 23. Bd2 Rhf8 24. c4 Nc7 25. Bb4 Rf5 26. Rhe1
Ne6 27. Bd6 Ng5 28. Rf4 Rxf4 29. gxf4 Ne6 30. f5 Nd4 31. Rf1 b6 32. b4 Kd7 33.
Kb2 Rc8 34. c5 Nb5 35. Rg1 Rg8 36. e6+ Ke8 37. f6 Nxd6 38. cxd6 Rf8 39. d7+ 1-0

[Event "XXIIè OPEN DEL CATALUNYA ESCAC"]
[Site "Casinet de Hostafrancs"]
[Date "2008.03.22"]
[Round "7.1"]
[White "Garcia Jimenez, Francisco J"]
[Black "Burgos Figueroa, Carlos E"]
[Result "1/2-1/2"]
[WhiteElo "2271"]
[BlackElo "2239"]
[PlyCount "21"]
[EventDate "2008.03.16"]

1. e4 e5 2. d4 d6 3. dxe5 dxe5 4. Qxd8+ Kxd8 5. Bc4 Be6 6. Bxe6 fxe6 7. Nc3 Nf6
8. Be3 Nbd7 9. f3 Bd6 10. O-O-O Ke7 11. Nh3 1/2-1/2

[Event "XXIIè OPEN DEL CATALUNYA ESCAC"]
[Site "Casinet de Hostafrancs"]
[Date "2008.03.22"]
[Round "7.2"]
[White "Ruiz Mata, Oscar"]
[Black "Fernandez Gonzalez, Julio Honor"]
[Result "1-0"]
[WhiteElo "2260"]
[BlackElo "2082"]
[PlyCount "91"]
[EventDate "2008.03.16"]

1. d4 Nf6 2. c4 b6 3. Nc3 Bb7 4. Qc2 Nc6 5. Nf3 e6 6. a3 Be7 7. e4 e5 8. dxe5
Ng4 9. Bf4 Bc5 10. Bg3 Nd4 11. Qd1 Nxf3+ 12. Qxf3 Qg5 13. h4 Qg6 14. h5 Qe6 15.
Qf4 Bd4 16. Nb5 Bxe5 17. Qxe5 Nxe5 18. Nxc7+ Ke7 19. Nxe6 Kxe6 20. Bxe5 Kxe5
21. f3 h6 22. O-O-O d6 23. g3 Rhd8 24. Rh2 Rac8 25. Rhd2 b5 26. f4+ Kf6 27. e5+
Ke7 28. Rxd6 bxc4 29. Rxd8 Rxd8 30. Rxd8 Kxd8 31. Bxc4 Ke7 32. Kd2 Bf3 33. Be2
Bd5 34. Ke3 f6 35. Kd4 Bb3 36. Bg4 fxe5+ 37. Kxe5 Bf7 38. b4 Bb3 39. Bf3 Bc4
40. g4 Bf7 41. g5 Be8 42. Be2 hxg5 43. fxg5 Bf7 44. h6 gxh6 45. gxh6 Bg6 46.
Bc4 1-0

[Event "XXIIè OPEN DEL CATALUNYA ESCAC"]
[Site "Casinet de Hostafrancs"]
[Date "2008.03.22"]
[Round "7.3"]
[White "Martorell Aubanell, Adria"]
[Black "Martin Grillo, Ruben"]
[Result "0-1"]
[WhiteElo "2028"]
[BlackElo "2221"]
[PlyCount "76"]
[EventDate "2008.03.16"]

1. e4 c5 2. Nf3 d6 3. d4 cxd4 4. Nxd4 Nf6 5. Nc3 a6 6. g3 e5 7. Nde2 b5 8. Bg2
Bb7 9. a3 Be7 10. O-O O-O 11. h3 Nbd7 12. g4 Nb6 13. Ng3 d5 14. g5 Nxe4 15.
Ncxe4 dxe4 16. Qg4 Qc7 17. Nxe4 Kh8 18. Bd2 Na4 19. b3 Nc5 20. Be3 Ne6 21. Rfc1
Nd4 22. Bxd4 exd4 23. c4 dxc3 24. Rxc3 Qe5 25. Qg3 Qxg3 26. fxg3 Rae8 27. Nf6
gxf6 28. Bxb7 fxg5 29. Rc6 a5 30. Ra2 Kg7 31. Kg2 Rd8 32. Ra6 Rd3 33. Rxa5 Rxb3
34. Bc6 Bd6 35. Bf3 Rc8 36. a4 Rcc3 37. Rf2 Bc5 38. Rf1 Rb2+ 0-1

[Event "XXIIè OPEN DEL CATALUNYA ESCAC"]
[Site "Casinet de Hostafrancs"]
[Date "2008.03.22"]
[Round "7.4"]
[White "Capellades Subirana, Marc"]
[Black "Mila Tejera, Jordi"]
[Result "1-0"]
[WhiteElo "2204"]
[BlackElo "2011"]
[PlyCount "37"]
[EventDate "2008.03.16"]

1. e4 c5 2. Nf3 g6 3. d4 cxd4 4. Nxd4 Nc6 5. Nxc6 bxc6 6. Nc3 Bg7 7. Bd3 Nf6 8.
O-O O-O 9. e5 Ne8 10. f4 f6 11. Be3 fxe5 12. Bc4+ Kh8 13. fxe5 Nc7 14. Qd2 Ba6
15. Rxf8+ Bxf8 16. Bxa6 Nxa6 17. Ne4 Qc7 18. Rd1 Rd8 19. Ng5 1-0

[Event "XXIIè OPEN DEL CATALUNYA ESCAC"]
[Site "Casinet de Hostafrancs"]
[Date "2008.03.22"]
[Round "7.5"]
[White "Martin Sanchez, Enric"]
[Black "Ridameya Tatche, Jose"]
[Result "1/2-1/2"]
[WhiteElo "2030"]
[BlackElo "2125"]
[PlyCount "58"]
[EventDate "2008.03.16"]

1. e4 e5 2. Nf3 Nc6 3. Bb5 a6 4. Bxc6 dxc6 5. Nc3 Bc5 6. Qe2 Qd6 7. d3 Ne7 8.
Be3 Ng6 9. Nd2 Be6 10. a3 Bd4 11. Nd1 Rd8 12. g3 O-O 13. Bxd4 exd4 14. f4 f5
15. e5 Qc5 16. Nf3 Bd5 17. O-O Qb6 18. b3 c5 19. Nb2 Qc6 20. Nc4 b5 21. Ncd2
Rfe8 22. a4 Ra8 23. Ra2 b4 24. Raa1 Ne7 25. Nc4 Rad8 26. Rad1 Be6 27. Rd2 Nd5
28. Ng5 h6 29. Nxe6 Qxe6 1/2-1/2

[Event "XXIIè OPEN DEL CATALUNYA ESCAC"]
[Site "Casinet de Hostafrancs"]
[Date "2008.03.22"]
[Round "7.6"]
[White "Lacasta Palacios, Joaquim"]
[Black "Campo Echevarria, Juan Francisco"]
[Result "1/2-1/2"]
[WhiteElo "2146"]
[BlackElo "2023"]
[PlyCount "83"]
[EventDate "2008.03.16"]

1. g3 d5 2. Bg2 c6 3. Nf3 Bg4 4. c4 e6 5. Ne5 Bh5 6. cxd5 cxd5 7. d4 Bb4+ 8.
Nc3 Nd7 9. Qa4 Bxc3+ 10. bxc3 f6 11. Nd3 Qc7 12. Nc5 b6 13. Nxd7 Qxd7 14. Qxd7+
Kxd7 15. c4 Ne7 16. Ba3 Rhe8 17. Bxe7 Rxe7 18. cxd5 exd5 19. e3 Kd6 20. Rc1 Bg6
21. Kd2 Be4 22. f3 Bf5 23. h4 Rc8 24. g4 Rxc1 25. Rxc1 Be6 26. g5 Rc7 27. Rxc7
Kxc7 28. gxf6 gxf6 29. a3 b5 30. Bf1 Kb6 31. Bd3 h6 32. Bc2 a5 33. Kc3 Bh3 34.
Bb3 Kc6 35. e4 dxe4 36. fxe4 Kd6 37. Bf7 Bd7 38. Bg6 Bh3 39. Bh7 Bf1 40. Bf5
Bc4 41. Bc8 Bf1 42. Bf5 1/2-1/2

[Event "XXIIè OPEN DEL CATALUNYA ESCAC"]
[Site "Casinet de Hostafrancs"]
[Date "2008.03.22"]
[Round "7.7"]
[White "Fabregas Fontanet, Antonio"]
[Black "Roca Diaz, Miguel Angel"]
[Result "0-1"]
[WhiteElo "2080"]
[BlackElo "2109"]
[PlyCount "48"]
[EventDate "2008.03.16"]

1. e4 c6 2. Nc3 d5 3. d4 dxe4 4. Nxe4 Bf5 5. Ng3 Bg6 6. Nf3 Nd7 7. h4 h6 8. h5
Bh7 9. Bd3 Bxd3 10. Qxd3 e6 11. Bd2 Ngf6 12. O-O-O Be7 13. Qe2 O-O 14. Ne5 Qc7
15. Rh3 c5 16. Ng6 fxg6 17. Qxe6+ Kh8 18. hxg6 Qd6 19. Qe2 Ng8 20. dxc5 Qxc5
21. Be3 Bg5 22. Rxd7 Rxf2 23. Ne4 Rxe2 24. Nxc5 Rxe3 0-1

[Event "XXIIè OPEN DEL CATALUNYA ESCAC"]
[Site "Casinet de Hostafrancs"]
[Date "2008.03.22"]
[Round "7.8"]
[White "Slimani, Abderezzak"]
[Black "Mas Recorda, Pere"]
[Result "0-1"]
[WhiteElo "2049"]
[BlackElo "1995"]
[PlyCount "72"]
[EventDate "2008.03.16"]

1. e4 e6 2. d4 d5 3. Nd2 Nf6 4. e5 Nfd7 5. Ngf3 c5 6. c3 Nc6 7. Be2 Qb6 8. Nb3
cxd4 9. cxd4 a5 10. a4 Bb4+ 11. Kf1 f6 12. Be3 O-O 13. Bd3 Be7 14. Qc2 f5 15.
Be2 Qd8 16. h4 Nb6 17. Nc5 Bxc5 18. Qxc5 h6 19. Qc1 Bd7 20. b3 Rc8 21. Qd2 Nb4
22. Rc1 Qe7 23. Rc5 Rxc5 24. dxc5 f4 25. Bd4 Nc8 26. h5 Be8 27. Qc3 Nc6 28. Bd3
Qf7 29. Bb1 N8e7 30. Rh4 Nf5 31. Rxf4 Qxh5 32. Bxf5 Rxf5 33. Rxf5 Qxf5 34. Nd2
Bg6 35. Kg1 Qg4 36. Nf3 Be4 0-1

[Event "XXIIè OPEN DEL CATALUNYA ESCAC"]
[Site "Casinet de Hostafrancs"]
[Date "2008.03.22"]
[Round "7.9"]
[White "Alcaraz Lopez, Francesc"]
[Black "Severri Arrese, Carlos"]
[Result "1-0"]
[WhiteElo "1909"]
[BlackElo "2063"]
[PlyCount "75"]
[EventDate "2008.03.16"]

1. c4 d6 2. d4 e5 3. d5 Be7 4. e4 Nf6 5. Bd3 Nbd7 6. b4 a5 7. b5 Nc5 8. Nc3 O-O
9. Nge2 Nh5 10. O-O Bg4 11. f3 Bc8 12. g4 Nf6 13. Be3 Nfd7 14. Ng3 Bg5 15. Qd2
Bxe3+ 16. Qxe3 Re8 17. Rad1 Nf8 18. Bc2 Ng6 19. Nce2 Nd7 20. Nf5 b6 21. Qf2 Nf4
22. Nxf4 exf4 23. h4 Ne5 24. Nd4 Nxc4 25. Rc1 Ne5 26. g5 h6 27. Qg2 hxg5 28.
hxg5 g6 29. Bb1 Bd7 30. a4 Kg7 31. Kf2 Rg8 32. Rh1 Rc8 33. Ne2 Bg4 34. Qh2 Qxg5
35. Qh7+ Kf6 36. Rxc7 Rg7 37. Qxg7+ Kxg7 38. Rxc8 1-0

[Event "XXIIè OPEN DEL CATALUNYA ESCAC"]
[Site "Casinet de Hostafrancs"]
[Date "2008.03.22"]
[Round "7.10"]
[White "Rodriguez Martin, Manuel"]
[Black "Julbe Canet, Josep"]
[Result "0-1"]
[WhiteElo "1813"]
[BlackElo "2095"]
[PlyCount "74"]
[EventDate "2008.03.16"]

1. e4 e5 2. d4 exd4 3. Bc4 d6 4. Nf3 Nc6 5. Nxd4 Ne5 6. Bb3 a6 7. c4 Nf6 8. Nc3
Be7 9. O-O O-O 10. f4 Ng6 11. h3 Bd7 12. Bc2 c5 13. Nf3 b5 14. cxb5 axb5 15. e5
Ne8 16. Qe2 c4 17. Nd5 Bc6 18. Nxe7+ Qxe7 19. Re1 Qb7 20. Ng5 h6 21. Ne4 dxe5
22. fxe5 Qe7 23. Be3 Bxe4 24. Bxe4 Rc8 25. Bf5 Rc6 26. Bd2 Nc7 27. a3 Re8 28.
Rad1 Qc5+ 29. Kh1 Rxe5 30. Qg4 Rxf5 31. Bb4 Qf2 32. Rf1 Qxf1+ 33. Rxf1 Rxf1+
34. Kh2 Re6 35. Qd4 Re2 36. Bc3 Ne8 37. Qd5 Nf4 0-1

[Event "XXIIè OPEN DEL CATALUNYA ESCAC"]
[Site "Casinet de Hostafrancs"]
[Date "2008.03.23"]
[Round "8.1"]
[White "Burgos Figueroa, Carlos E"]
[Black "Ruiz Mata, Oscar"]
[Result "0-1"]
[WhiteElo "2239"]
[BlackElo "2260"]
[PlyCount "54"]
[EventDate "2008.03.16"]

1. e4 e5 2. d4 exd4 3. Qxd4 Nc6 4. Qe3 Nf6 5. Nc3 Bb4 6. Bd2 O-O 7. O-O-O Re8
8. Qg3 d6 9. h4 Ne5 10. f3 Kh8 11. h5 h6 12. Bb5 c6 13. Be2 Be6 14. Qf4 Qa5 15.
g4 Bxa2 16. g5 hxg5 17. Qxg5 Bxc3 18. h6 Bxd2+ 19. Qxd2 Qxd2+ 20. Rxd2 Be6 21.
Rxd6 Rad8 22. Rxd8 Rxd8 23. f4 Neg4 24. e5 Nd5 25. Nh3 Nxh6 26. c4 Bxh3 27.
cxd5 Bg2 0-1

[Event "XXIIè OPEN DEL CATALUNYA ESCAC"]
[Site "Casinet de Hostafrancs"]
[Date "2008.03.23"]
[Round "8.2"]
[White "Martin Grillo, Ruben"]
[Black "Capellades Subirana, Marc"]
[Result "0-1"]
[WhiteElo "2221"]
[BlackElo "2204"]
[PlyCount "86"]
[EventDate "2008.03.16"]

1. e4 e5 2. Nf3 Nc6 3. Bb5 a6 4. Ba4 Bc5 5. O-O d6 6. c3 Bd7 7. d4 Ba7 8. Be3
Nge7 9. Nbd2 O-O 10. a3 Kh8 11. Bc2 Bg4 12. Qe1 Ng6 13. h3 Bd7 14. b4 Nce7 15.
a4 f5 16. dxe5 Bxe3 17. Qxe3 f4 18. Qe2 Nxe5 19. b5 N7g6 20. Rfd1 Qf6 21. Nxe5
Nxe5 22. Nf3 axb5 23. axb5 Nxf3+ 24. Qxf3 Bxb5 25. Rxa8 Rxa8 26. e5 dxe5 27.
Qe4 g6 28. Qxb7 Qc6 29. Be4 Qxb7 30. Bxb7 Rb8 31. Be4 Kg7 32. c4 Be8 33. g4 Rb4
34. Bd5 Kf6 35. Kg2 h5 36. Ra1 hxg4 37. hxg4 Ba4 38. Kf3 c6 39. Bg8 g5 40. Rc1
Rb3+ 41. Ke4 Rb2 42. Kf3 Bc2 43. Ra1 Rb8 0-1

[Event "XXIIè OPEN DEL CATALUNYA ESCAC"]
[Site "Casinet de Hostafrancs"]
[Date "2008.03.23"]
[Round "8.3"]
[White "Roca Diaz, Miguel Angel"]
[Black "Garcia Jimenez, Francisco J"]
[Result "0-1"]
[WhiteElo "2109"]
[BlackElo "2271"]
[PlyCount "62"]
[EventDate "2008.03.16"]

1. Nf3 g6 2. d4 d5 3. g3 Bg7 4. Bg2 Nf6 5. c4 c6 6. b3 O-O 7. O-O Re8 8. Nc3
Nbd7 9. Bb2 dxc4 10. bxc4 Nb6 11. c5 Nc4 12. Qb3 Be6 13. Qc2 Bg4 14. Rad1 Qa5
15. Ne5 Nxe5 16. dxe5 Nd7 17. Na4 Nxe5 18. h3 Be6 19. e4 Rad8 20. f4 Nc4 21.
Bxg7 Kxg7 22. f5 Ne3 23. Qb2+ f6 24. Rxd8 Rxd8 25. fxe6 Nxf1 26. Qxb7 Ne3 27.
Qxe7+ Kh6 28. Qxf6 Qe1+ 29. Kh2 Nxg2 30. e7 Rd2 31. Qf8+ Kg5 0-1

[Event "XXIIè OPEN DEL CATALUNYA ESCAC"]
[Site "Casinet de Hostafrancs"]
[Date "2008.03.23"]
[Round "8.4"]
[White "Severri Arrese, Carlos"]
[Black "Mas Recorda, Pere"]
[Result "0-1"]
[WhiteElo "2063"]
[BlackElo "1995"]
[PlyCount "99"]
[EventDate "2008.03.16"]

1. d4 e6 2. Nc3 d5 3. Nf3 f5 4. Bg5 Be7 5. h4 Nd7 6. Bf4 a6 7. Ng5 Ndf6 8. Be5
Nh6 9. e3 O-O 10. f3 Bd6 11. Bf4 Nh5 12. Ne2 c5 13. c3 b6 14. Qd2 Nf7 15. O-O-O
Nxf4 16. exf4 Qc7 17. Kb1 Ra7 18. g3 a5 19. Qe3 Nd8 20. Nc1 c4 21. Re1 b5 22.
Ne2 b4 23. Ka1 Bd7 24. Nh3 Qc6 25. Rh2 Qa4 26. Qc1 Nc6 27. Qd1 Qb5 28. Qd2 Rb8
29. Rb1 Rab7 30. Nf2 b3 31. Nc1 Qa4 32. Nd1 Ra7 33. a3 Rab7 34. Na2 bxa2 35.
Rc1 Bxa3 36. Qc2 Qxc2 37. Rcxc2 Bd6 38. Ne3 a4 39. Kxa2 Rb3 40. Bxc4 dxc4 41.
Nxc4 Bf8 42. Rhe2 Kf7 43. Red2 Bc8 44. Ne3 a3 45. d5 exd5 46. Nxd5 Be6 47. c4
Rxb2+ 48. Rxb2 Rxb2+ 49. Rxb2 axb2 50. Kxb2 0-1

[Event "XXIIè OPEN DEL CATALUNYA ESCAC"]
[Site "Casinet de Hostafrancs"]
[Date "2008.03.23"]
[Round "8.5"]
[White "Ridameya Tatche, Jose"]
[Black "Penalver Guardia, Josep"]
[Result "1-0"]
[WhiteElo "2125"]
[BlackElo "1907"]
[PlyCount "87"]
[EventDate "2008.03.16"]

1. e4 e6 2. Nf3 d5 3. Nc3 Nf6 4. e5 Ne4 5. Ne2 Bc5 6. d4 Be7 7. Ng3 Ng5 8. Nxg5
Bxg5 9. Qg4 Bxc1 10. Qxg7 Bxb2 11. Qxh8+ Kd7 12. Qxd8+ Kxd8 13. Rd1 c5 14. dxc5
Bc3+ 15. Ke2 b6 16. f4 bxc5 17. Kf3 f5 18. Ne2 Ba5 19. g4 fxg4+ 20. Kxg4 Nc6
21. Rg1 Ne7 22. Rb1 Nf5 23. Kf3 Nh4+ 24. Kf2 Ng6 25. h4 Ke8 26. h5 Nh4 27. Ng3
c4 28. Rh1 Nf5 29. Nxf5 exf5 30. Bg2 Bb6+ 31. Ke2 Be6 32. Rh3 Kf7 33. Rg3 Rg8
34. Rxg8 Kxg8 35. Rb5 d4 36. Bd5 Kf7 37. Bxe6+ Kxe6 38. a4 d3+ 39. cxd3 cxd3+
40. Kxd3 Kf7 41. a5 Bf2 42. Rb7+ Kg8 43. Kc4 Be3 44. Kd5 1-0

[Event "XXIIè OPEN DEL CATALUNYA ESCAC"]
[Site "Casinet de Hostafrancs"]
[Date "2008.03.23"]
[Round "8.6"]
[White "Julbe Canet, Josep"]
[Black "Lacasta Palacios, Joaquim"]
[Result "0-1"]
[WhiteElo "2095"]
[BlackElo "2146"]
[PlyCount "27"]
[EventDate "2008.03.16"]

1. e4 c5 2. Nf3 Nc6 3. d4 cxd4 4. Nxd4 e6 5. Be3 Nf6 6. Nc3 Bb4 7. f3 d5 8. Bb5
Bd7 9. O-O e5 10. exd5 Nxd4 11. Bxd7+ Nxd7 12. Bxd4 exd4 13. Re1+ Kf8 14. Qxd4
0-1

[Event "XXIIè OPEN DEL CATALUNYA ESCAC"]
[Site "Casinet de Hostafrancs"]
[Date "2008.03.23"]
[Round "8.7"]
[White "Campo Echevarria, Juan Francisco"]
[Black "Martorell Aubanell, Adria"]
[Result "0-1"]
[WhiteElo "2023"]
[BlackElo "2028"]
[PlyCount "76"]
[EventDate "2008.03.16"]

1. e4 c5 2. Nf3 Nc6 3. d4 cxd4 4. Nxd4 Nf6 5. Nc3 e5 6. Ndb5 d6 7. Bg5 a6 8.
Na3 b5 9. Nd5 Qa5+ 10. Bd2 Qd8 11. Bg5 Be7 12. Nxe7 Nxe7 13. Bxf6 gxf6 14. c4
Qa5+ 15. Qd2 Qxd2+ 16. Kxd2 b4 17. Nc2 Rb8 18. Bd3 b3 19. Ne3 Nc6 20. Nd5 bxa2
21. Rxa2 O-O 22. Nxf6+ Kg7 23. Nd5 a5 24. Rb1 Be6 25. f3 Rfc8 26. Ra4 Bd7 27.
Ra3 Be6 28. Ra4 Bd7 29. Ra3 Be6 30. b3 Nd4 31. Bc2 Rc5 32. Ne3 Bd7 33. Rba1 Nc6
34. Nd5 Rb7 35. Nc3 Nd4 36. Rxa5 Rxa5 37. Rxa5 Rxb3 38. Nb5 Rb2 0-1

[Event "XXIIè OPEN DEL CATALUNYA ESCAC"]
[Site "Casinet de Hostafrancs"]
[Date "2008.03.23"]
[Round "8.8"]
[White "Mila Tejera, Jordi"]
[Black "Martin Sanchez, Enric"]
[Result "1-0"]
[WhiteElo "2011"]
[BlackElo "2030"]
[PlyCount "71"]
[EventDate "2008.03.16"]

1. d4 Nf6 2. Bg5 c5 3. Bxf6 gxf6 4. d5 Qb6 5. Qc1 d6 6. g3 Bh6 7. e3 e5 8. c4
f5 9. Bg2 O-O 10. Ne2 f4 11. exf4 exf4 12. gxf4 Re8 13. Nbc3 Bg4 14. f3 Bf5 15.
Ne4 Bg7 16. N2c3 Qb4 17. O-O Bxe4 18. Nxe4 Bxb2 19. Qc2 Bd4+ 20. Kh1 Qb6 21.
Ng5 Bg7 22. Qxh7+ Kf8 23. Qf5 Qc7 24. Rae1 Qd7 25. Qh7 Na6 26. Bh3 Qc7 27. Ne4
f6 28. Be6 Rxe6 29. dxe6 Qe7 30. Nc3 Nc7 31. Nd5 Nxd5 32. cxd5 Ke8 33. Rg1 Bf8
34. Qg6+ Kd8 35. Qf7 Kc7 36. Rg7 1-0

[Event "XXIIè OPEN DEL CATALUNYA ESCAC"]
[Site "Casinet de Hostafrancs"]
[Date "2008.03.23"]
[Round "8.10"]
[White "Arias Velasco, Jose"]
[Black "Fabregas Fontanet, Antonio"]
[Result "0-1"]
[WhiteElo "1859"]
[BlackElo "2080"]
[PlyCount "31"]
[EventDate "2008.03.16"]

1. e4 g6 2. d4 Bg7 3. Nf3 d6 4. Bc4 c6 5. O-O d5 6. exd5 cxd5 7. Bd3 Nf6 8. Ne5
O-O 9. f4 Nc6 10. c3 Ne4 11. Nd2 f5 12. Ndf3 Qb6 13. Qb3 e6 14. Qxb6 axb6 15.
Be3 Rd8 16. b4 0-1